000 00322nam a22001337a 4500
005 20260211100725.0
020 _a978-93-48125-10-1
082 _a82-94=573.14 CHA
100 _aCHANDRIKA DEVI, M
245 _aAnayatha kanalormmakal (Malayalam)
260 _aThrissur
_bMangalodayam
_c2025
300 _a152p.
942 _cBK
999 _c75810
_d75810